Democracia y derechos humanos con algunos alcances al proceso chileno

محفوظ في:
التفاصيل البيبلوغرافية
المؤلف الرئيسي: Squella Narducci, Agustín (مؤلف)
التنسيق: كتاب
اللغة:الإسبانية
منشور في: Valparaíso EDEVAL 1998
سلاسل:Colección Temas, 20
الموضوعات:
الوسوم: إضافة وسم
لا توجد وسوم, كن أول من يضع وسما على هذه التسجيلة!

MARC

LEADER 00000nam a2200000 a 4500
001 UCQ4189
003 CL-VaPUC
008 980904e19980000CL |||||||||||||||||spa|d
082 0 4 |a 340.112  |b SQU  |2 21 
100 0 |a Squella Narducci, Agustín  |e author  |9 418438 
245 1 0 |a Democracia y derechos humanos con algunos alcances al proceso chileno 
300 |a 70 p 
942 |c BK 
945 |d 19980904 00:00:00  |a mvenant 
260 |a Valparaíso  |b EDEVAL  |c 1998 
650 0 |a Democracia  |9 255256 
650 0 |a Derechos humanos  |9 223025 
650 0 |a Derecho económico   |9 259197 
650 7 |a DERECHO SOCIAL  |2 CL-VaPUC  |9 256772 
651 7 |a CHILE  |2 CL-VaPUC  |9 418439 
583 |a last modification  |c 19980904 00:00:00  |k Rodrigo Vera 
490 0 |a Colección Temas, 20 
999 |c 274615  |d 274613 
952 |0 0  |1 0  |4 0  |6 340_112000000000000_SQU_1998  |7 0  |8 A  |9 310884  |a BIBGIM  |b BIBGIM  |d 2019-11-20  |i 3480003  |o 340.112 SQU 1998  |p 3480003  |r 2025-01-15  |w 2019-11-20  |y BK  |k SSL 
952 |0 0  |1 0  |4 0  |6 340_112000000000000_SQU_1998  |7 0  |8 A  |9 310885  |a BIBGIM  |b BIBGIM  |d 2019-11-20  |i 3480011  |o 340.112 SQU 1998  |p 3480011  |r 2025-01-15  |w 2019-11-20  |y BK  |k SSL 
952 |0 0  |1 0  |4 0  |6 340_112000000000000_SQU_1998  |7 0  |8 A  |9 310886  |a BIBDER  |b BIBDER  |d 2019-11-20  |i 3447693  |o 340.112 SQU 1998  |p 3447693  |r 2023-01-25  |w 2019-11-20  |y BK  |k DER 
952 |0 0  |1 0  |4 0  |6 340_112000000000000_SQU_1998  |7 0  |8 A  |9 310887  |a BIBDER  |b BIBDER  |d 2019-11-20  |i 3504026  |o 340.112 SQU 1998  |p 3504026  |r 2023-01-25  |w 2019-11-20  |y BK  |k DER